Bronze lamps in the Istanbul Archaeological Museum : an illustrated catalogue /

محفوظ في:

المؤلف الرئيسي: Atasoy, Sümer (مؤلف)

التنسيق: كتاب

اللغة: English

منشور في: Oxford, England : Archaeopress, 2005.

سلاسل: BAR International Series ; 1436.

الموضوعات:

الوسوم: إضافة وسم

لا توجد وسوم, كن أول من يضع وسما على هذه التسجيلة!

رقم الطلب: DG98 .A837 2005

LEADER 01115namaa2200325 4500
001 22233
003 OSt
005 20260115071910.0
008 130303s2005 enka b 000 0 eng d
010 |a 2006361213 
020 |a 1841718726 
040 |c ARCE Library 
043 |a a-tu--- 
050 4 |a DG98 .A837 2005 
100 1 |a Atasoy, Sümer,  |e author  |9 25775 
245 1 0 |a Bronze lamps in the Istanbul Archaeological Museum :  |b an illustrated catalogue /  |c Sümer Atasoy ; photographs by Turhan Birgili. 
264 1 |a Oxford, England :  |b Archaeopress,   |c 2005. 
300 |a v, 131 pages :  |b Illustrations ;  |c 30 cm. 
490 1 |a BAR International Series ;   |v 1436. 
504 |a Bibliography : (pages 125-128) 
555 |a Nabil 
610 2 0 |a İstanbul Arkeoloji Müzeleri  |v Catalogs. 
650 0 |a Lamps, Roman  |z Turkey  |z Istanbul  |v Catalogs. 
650 0 |a Lamps, Hellenistic  |z Turkey  |z Istanbul  |v Catalogs. 
650 0 |a Bronzes, Roman   |v Catalogs. 
651 0 |a Istanbul (Turkey)  |x Antiquities  |x Catalogs. 
830 0 |a BAR International Series ;   |v 1436. 
901 |a reviewed 
942 |c BK  |2 lcc 
999 |c 21225  |d 21225